00778 2200253 4500001002100000005001500021035002000036007000300056008004100059020002200100082001000122084001600132100002500148245013600173250001600309260003600325300003600361650003400397700003000431520003000461520001100491990001100502990001100513INLIS00000000000335420090101060414 a0010-0109000017ta090101 g 0 ind  a978-602-6948-51-9 a001.4 a001.4 ERW m0 aERWAN, Agus Purwanto1 aMetode Penelitian Kuantitatif Untuk Administrasi Publik dan Masalah-masalah Sosial /cErwan Agus Purwanto, Dyah Ratih Sulistyastuti aed.2, cet.1 aYogyakarta :bGava Media,c2017 axix, 217 hlm. :bilus. ;c21 cm 4aPENGETAHUAN.METODE PENELITIAN0 aDYAH, Ratih Sulistyastuti aBibliografi: hlm. 211-214 aIndeks a6590 a a6590 b